Buffalo Bills 2024-25 Starters - Statistics

General Stats
  • This quiz has been taken 45 times
  • The average score is 20 of 31
Answer Stats
Hint Answer % Correct
RB1 James Cook
100%
QB1 Josh Allen
100%
WR1 Amari Cooper
92%
TE1 Dalton Kincaid
92%
WR2 Khalil Shakir
90%
RB2 Ray Davis
87%
WR3 Keon Coleman
85%
WR4 Mack Hollins
82%
LT Dion Dawkins
79%
RB3 Ty Johnson
79%
K Tyler Bass
77%
LB Matt Milano
74%
SCB Taron Johnson
74%
WR5 Curtis Samuel
69%
DT Ed Oliver
69%
FS Damar Hamlin
67%
DE Von Miller
67%
CB Christian Benford
54%
C Connor McGovern
54%
SS Taylor Rapp
54%
LB Terrel Bernard
54%
P Sam Martin
51%
RG O'Cyrus Torrence
46%
CB Rasul Douglas
46%
DE Gregory Rousseau
44%
DE AJ Epenesa
41%
RT Spencer Brown
38%
LG David Edwards
33%
DT DaQuan Jones
31%
LB Dorian Williams
31%
TE2 Dawson Know
23%
No matching quizzes found
Score Distribution
Percent of People with Each Score
Percentile by Number Answered
Your Score History
You have not taken this quiz